WNBA: Finals Champions - Statistics

General Stats
  • This quiz has been taken 25 times
  • The average score is 24 of 29
Answer Stats
Year Winner Loser S FMVP % Correct
2025 Las Vegas Aces Phoenix Mercury 4-0 F A'ja Wilson (LVA)
100%
2023 Las Vegas Aces New York Liberty 3-1 F A'ja Wilson (LVA)
100%
2022 Las Vegas Aces Connecticut Sun 3-1 G Chelsea Gray (LVA)
100%
2021 Chicago Sky Phoenix Mercury 3-1 G/F Kahleah Copper (CHI)
95%
2020 Seattle Storm Las Vegas Aces 3-0 F Breanna Stewart (SEA)
95%
2018 Seattle Storm Washington Mystics 3-0 F Breanna Stewart (SEA)
95%
2010 Seattle Storm Atlanta Dream 3-0 F/C Lauren Jackson (SEA)
95%
2004 Seattle Storm Connecticut Sun 2-1 G Betty Lennox (SEA)
95%
2016 Los Angeles Sparks Minnesota Lynx 3-2 F/C Candace Parker (LAS)
91%
2002 Los Angeles Sparks New York Liberty 2-0 C Lisa Leslie (LAS)
91%
2001 Los Angeles Sparks Charlotte Sting 2-0 C Lisa Leslie (LAS)
91%
2017 Minnesota Lynx Los Angeles Sparks 3-2 C Sylvia Fowles (MIN)
91%
2015 Minnesota Lynx Indiana Fever 3-2 C Sylvia Fowles (MIN)
91%
2013 Minnesota Lynx Atlanta Dream 3-0 F Maya Moore (MIN)
91%
2011 Minnesota Lynx Atlanta Dream 3-0 G/F Seimone Augustus (MIN)
91%
2024 New York Liberty Minnesota Lynx 3-2 C Jonquel Jones (NYL)
91%
2012 Indiana Fever Minnesota Lynx 3-1 F Tamika Catchings (IND)
86%
2014 Phoenix Mercury Chicago Sky 3-0 G Diana Taurasi (PHX)
86%
2009 Phoenix Mercury Indiana Fever 3-2 G Diana Taurasi (PHX)
86%
2007 Phoenix Mercury Detroit Shock 3-2 G Cappie Pondexter (PHX)
86%
2019 Washington Mystics Connecticut Sun 3-2 F Emma Meesseman (WSH)
77%
2008 Detroit Shock San Antonio Silver Stars 3-0 G Katie Smith (DET)
64%
2006 Detroit Shock Sacramento Monarchs 3-2 G/F Deanna Nolan (DET)
64%
2003 Detroit Shock Los Angeles Sparks 2-1 C Ruth Riley (DET)
64%
2000 Houston Comets New York Liberty 2-0 G Cynthia Cooper (HOU)
59%
1999 Houston Comets New York Liberty 2-1 G Cynthia Cooper (HOU)
59%
1998 Houston Comets Phoenix Mercury 2-1 G Cynthia Cooper (HOU)
59%
1997 Houston Comets New York Liberty 1-0 G Cynthia Cooper (HOU)
59%
2005 Sacramento Monarchs Connecticut Sun 3-1 F/C Yolanda Griffith (SAC)
59%
No matching quizzes found
Score Distribution
Percent of People with Each Score
Percentile by Number Answered
Your Score History
You have not taken this quiz